Organizacija, orijentirovannaja na strategiju kak v novoj biznes-srede preuspevajut organizacii, primenjajuščie sbalansirovannuju sistemu pokazatelej
Saved in:
| Main Author: | |
|---|---|
| Other Authors: | |
| Format: | Book |
| Language: | Russian |
| Published: |
Moskva
ZAO Olimp-Biznes
2004
|
| Subjects: | |
| Tags: |
No Tags, Be the first to tag this record!
|
MARC
| LEADER | 00000nam$a2200000$$$4500 | ||
|---|---|---|---|
| 001 | 0027619 | ||
| 005 | 20240314091257.8 | ||
| 020 | |a 5-901028-68-6 | ||
| 041 | 0 | |a rus | |
| 044 | |a RU | ||
| 245 | 1 | 0 | |a Organizacija, orijentirovannaja na strategiju |b kak v novoj biznes-srede preuspevajut organizacii, primenjajuščie sbalansirovannuju sistemu pokazatelej |c Robert S. Kaplan, Dejvid P. Norton ; per. s angl.: M.: ZAO |
| 264 | 1 | |a Moskva |b ZAO Olimp-Biznes |c 2004 | |
| 300 | |a 392 s. | ||
| 610 | 2 | 0 | |a stratégia podniková |
| 610 | 2 | 0 | |a politika podnikania |
| 610 | 2 | 0 | |a organizácia |
| 610 | 2 | 0 | |a podnik |
| 610 | 2 | 0 | |a štúdie prípadové |
| 610 | 2 | 0 | |a ukazovatele |
| 610 | 2 | 0 | |a synergia |
| 610 | 2 | 0 | |a telekomunikácie |
| 610 | 2 | 0 | |a služby |
| 610 | 2 | 0 | |a plánovanie |
| 610 | 2 | 0 | |a rozpočty |
| 610 | 2 | 0 | |a technológie informačné |
| 610 | 2 | 0 | |a manažéri |
| 100 | 1 | |a Kaplan, Robert S. | |
| 700 | 1 | |a Norton, Dejvid | |